000 00651nab a2200193 4500
001 244442
003 OSt
005 20250910130133.0
007 tu
008 200917s2020|||||||
040 _aDE-2950
_cDE-2950
245 0 0 _aHallenbad wochenlang zu
_bImmobilien. Hiobsbotschaft für Frankfurt: In der maroden Schwimmhalle sind erneut Schäden aufgetreten. Aus der geplanten Eröffnung zum Schulstart wird damit nichts/
_cThomas Gutke
264 _c2025
653 _aFrankfurt (Oder)
653 _aHallenbad
653 _aSanierung
773 0 _g36. Jahrgang (2025) Nr. 207 vom 05.09.2025, S. 13 mit Foto
_tMärkische Oderzeitung
942 _2z
_cA
999 _c373998
_d373998